000 00863nam a2200253 i 4500
001 169025
003 ES-MaACL
005 20240301062537.0
008 080731s2007 sp a c |||| | spa d
020 _a978-84-88699-97-8
080 _a016:094
080 _a016:091
110 2 _aBiblioteca Nacional (España)
_92188
245 1 0 _aBiblioteca Hispánica
_b: obras maestras de la Biblioteca Nacional de España : [Madrid, 17 de octubre de 2007 a 20 de enero de 2008].
260 _a[Madrid] :
_bBiblioteca Nacional,
_c2007.
300 _aXVIII, 387 p. :
_bil. col. ;
_c29 cm.
500 _aCatálogo de la exposición.
650 0 4 _aManuscritos-
_vExposiciones.
_914755
650 0 4 _aLibros-
_vExposiciones.
_9138122
655 7 _2tgfbne
_9193628
_aCatálogos de exposiciones
852 _aES-MaACL
_jL-29587
942 _2udc
999 _c169025
_d169025